Statistics for "People's" and "Democratic Republic of" countries

Click here to take the quiz!

General Stats

  • This quiz has been taken 27 times
  • The average score is 5 of 11

Answer Stats

HintAnswer% Correct
People's RepublicChina
100%
Democratic People's RepublicKorea
91%
Democratic RepublicCongo
83%
People's Democratic RepublicLaos
57%
People's RepublicBangladesh
30%
Democratic Socialist RepublicSri Lanka
30%
People's Democratic RepublicAlgeria
22%
Federal Democratic RepublicEthiopia
22%
Federal Democratic RepublicNepal
22%
Democratic RepublicTimor-Leste
13%
Democratic RepublicSão Tomé and Príncipe
4%

Score Distribution

Percentile by Number Answered

Percent of People with Each Score

Your Score History

You have not taken this quiz